Islamic Morals (Record no. 11083)

MARC details
000 -LEADER
fixed length control field 00591nam a2200241 a 4500
020 ## - INTERNATIONAL STANDARD BOOK NUMBER
ISBN
082 00 - DEWEY DECIMAL CLASSIFICATION NUMBER
Classification number 297.5
Author Cutter SAO
100 ## - MAIN ENTRY--AUTHOR NAME
Author name Saoud, Adelwahab Tazi
245 ## - TITLE STATEMENT
Title Islamic Morals
260 ## - PUBLICATION, DISTRIBUTION, ETC. (IMPRINT)
Place of publication Rabat
Name of publisher Isesco
Year of publication 1991
300 ## - PHYSICAL DESCRIPTION
Number of Pages 00p
500 ## - GENERAL NOTE
General note includes index and biblioraphy
505 2# - FORMATTED CONTENTS NOTE
Formatted contents note The case of the satanic verses.
650 ## - SUBJECT ADDED ENTRY--TOPICAL TERM
Topical Term Islam-Moral Theology
942 ## - ADDED ENTRY ELEMENTS (KOHA)
Koha item type Books
700 1# -
-- Saoud, Adelwahab Tazi
Holdings
Collection code Home library Current library Date acquired Cost, normal purchase price Full call number Accession Number Koha item type
  Henry Martyn Institute Library Henry Martyn Institute Library 07/04/2007 100.00 297.5 SAO 015612 Books
                   Copyright © 2026 | Henry Martyn Institute | Hyderabad | TS-500052 | INDIA | Implemented by hmi.edu.in
Hit-Count:

Powered by Koha